| 000 | 01508cam a2200373 a 4500 | ||
|---|---|---|---|
| 001 | EDZ0000085665 | ||
| 003 | StDuBDS | ||
| 005 | 20161031105116.0 | ||
| 006 | m||||||||d|||||||| | ||
| 007 | cr ||||||||||| | ||
| 008 | 120523s2000 cau fo| 001|0|eng|d | ||
| 020 |
_a9781452229232 (ebook) : _cNo price |
||
| 040 |
_aStDuBDS _beng _cStDuBDS _epn |
||
| 049 | _aAlfaisal Main Library | ||
| 050 | 4 | _aHQ734 | |
| 082 | 0 | 4 |
_a306.85 _223 |
| 100 | 1 |
_aScanzoni, John H., _d1935- |
|
| 245 | 1 | 0 |
_aDesigning families _h[electronic resource] : _bthe search for self and community in the information age / _cJohn Scanzoni. |
| 260 |
_aThousand Oaks, Calif. ; _aLondon : _bPine Forge, _cc2000. |
||
| 300 | _a1 online resource (xxi, 263 p.) | ||
| 520 | 8 | _aExamining the challenges facing the nuclear family as it enters the new millenium, John Scanzoni sets the issue of change in families in aN historical and cross-cultural perspective tracing the development of the family from the Agricultural Age to the Information Age. | |
| 521 | _aSpecialized. | ||
| 588 | _aDescription based on print version record. | ||
| 504 | _aIncludes bibliographical references and index. | ||
| 650 | 0 | _aFamilies. | |
| 650 | 0 | _aMarriage. | |
| 650 | 0 | _aSex role. | |
| 650 | 0 | _aCommunities. | |
| 655 | 7 |
_aElectronic books. _2local |
|
| 710 | 2 | _aSage eBooks | |
| 776 | 0 | 8 |
_iPrint version : _z9780761985662 |
| 856 | 4 | 0 | _uhttp://ezproxy.alfaisal.edu/login?url=http://sk.sagepub.com/books/designing-families |
| 942 |
_2lcc _cEBOOKS |
||
| 999 |
_c479482 _d479482 |
||